00728 2200265 4500001002100000005001700021008004100038020001800079035002400097040001200121082001000133090001700143100001700160245009500177250001100272260002500283300002300308500001100331500004100342650002200383700001200405850001200417990001800429999001500447YOGYA-1212000000043920121219085801.0 ind  a979-431-093-X 0010-121200000000438 aYOPDYOG a152.4 a152.4bTyr B aTyrer, Peter aBagaimana mengatasi stress = (How to cope with stress)cPeter Tyrer ; alih bahasa, Irwanto aCet. 1 aJakartabArcanc1990 axii,160 hlmc19 cm aIndeks aJudul asli : How to cope with stress aStres (Psikologi) aIrwanto aYOPDYOG a34662-P/93b1 a95P0069695